100 Biggest Cities of Palestine on a Map - Statistics

General Stats
  • This quiz has been taken 115 times
  • The average score is 8 of 100
Answers on the Map
Answers color-coded by a green-red scale on the quiz's map according to % correct below.
 
Answer Stats
Population City % Correct
590,481 Gaza
98%
38,998 Ramallah
80%
171,899 Rafah
67%
28,591 Bethlehem
58%
201,063 Hebron
56%
281,163 East Jerusalem
55%
205,125 Khan Yunis
44%
156,906 Nablus
44%
20,907 Ariha
40%
49,908 Janin
36%
10,413 Jaba'
25%
172,704 Jabalyah
24%
64,532 Tulkarm
22%
21,431 Tubas
15%
75,132 Dayr al-Balah
13%
51,683 Qalqilyah
11%
54,851 An-Nusayrat
9%
52,237 Bayt Hanun
7%
89,838 Bayt Lahiya
7%
10,911 Salfit
7%
45,975 Al-Birah
5%
63,511 Yatta
5%
9,290 'Abasan al-Jadida
4%
15,491 Al-Burayj
4%
28,024 Al-Burayj Camp
4%
31,747 An-Nusayrat Camp
4%
11,479 Arraba
4%
16,977 Beit Ummar
4%
49,462 Jabalyah Camp
4%
10,417 Janin Camp
4%
41,182 Khan Yunis Camp
4%
11,388 Khuza'a
4%
24,439 Qabatiyah
4%
36,550 Rafah Camp
4%
26,767 'Abasan al-Kabirah
2%
12,251 Abu Dis
2%
21,175 Al-Aizariyah
2%
9,670 Al-Maghazi
2%
18,157 Al-Maghazi Camp
2%
11,458 Al-Mughraqa
2%
10,024 Aqraba
2%
40,734 Ash-Shati' Camp
2%
26,011 As-Samu'
2%
14,635 Balata Camp
2%
41,439 Bani Suhayla
2%
26,604 Baytuniya
2%
11,682 Beita
2%
13,520 Beit Fajjar
2%
13,477 Beit Furik
2%
13,484 Beit Jala
2%
13,281 Beit Sahur
2%
8,231 Biddu
2%
39,336 Dura
2%
27,031 Halhul
2%
9,931 Tulkarm Camp
2%
16,012 Ya'bad
2%
35,924 Ad-Dhahiriya
0%
12,752 Ad-Doha
0%
8,805 Ad-Duheisha Camp
0%
8,941 Al-'Arrub Camp
0%
8,201 Al-Jalazun Camp
0%
9,740 Al-Karmil
0%
11,960 Al-Khadr
0%
29,004 Al-Qararah
0%
14,460 Al-'Ubeidiya
0%
20,774 Al-Yamun
0%
16,919 'Anata
0%
8,984 An-Naser
0%
8,960 Aqbat Jaber Camp
0%
8,239 'Aqqaba
0%
15,814 Ar-Ram & Dahiyat al-Barid
0%
16,445 Ash-Shokat
0%
12,052 Ash-Shuyukh
0%
8,813 'Asira ash-Shamaliya
0%
11,304 'Askar Camp
0%
10,367 'Attil
0%
23,841 Az-Zawaydah
0%
9,269 'Azzun
0%
24,628 Bani Na'im
0%
10,436 Beit A'wwa
0%
8,880 Beit Kahil
0%
9,304 Beit Liqya
0%
14,537 Beit Ula
0%
10,451 Biddya
0%
9,936 Deir al-Ghusun
0%
26,009 Idhna
0%
8,471 Kafr Ra'i
0%
9,139 Kharas
0%
8,321 Meithalun
0%
8,741 Nahhalin
0%
8,195 Qabalan
0%
10,690 Qaffin
0%
8,336 Qalandiya Camp
0%
20,722 Si'ir
0%
11,449 Silat al-Harithiya
0%
17,287 Surif
0%
15,800 Taffuh
0%
13,117 Tammun
0%
19,311 Tarqumiya
0%
8,767 Tuqu'
0%
No matching quizzes found
Score Distribution
Percent of People with Each Score
Percentile by Number Answered
Your Score History
You have not taken this quiz